Ruff luck / (Record no. 367938)
[ view plain ]
| 000 -LEADER | |
|---|---|
| fixed length control field | 01679cam a22004218i 4500 |
| 001 - CONTROL NUMBER | |
| control field | on1191237705 |
| 003 - CONTROL NUMBER IDENTIFIER | |
| control field | OCoLC |
| 005 - DATE AND TIME OF LATEST TRANSACTION | |
| control field | 20211122133004.0 |
| 008 - FIXED-LENGTH DATA ELEMENTS--GENERAL INFORMATION | |
| fixed length control field | 200821t20212021mnua j 6 000 1 eng |
| 010 ## - LIBRARY OF CONGRESS CONTROL NUMBER | |
| LC control number | 2020037995 |
| 020 ## - INTERNATIONAL STANDARD BOOK NUMBER | |
| International Standard Book Number | 9781515882763 (lib. bdg.) |
| 020 ## - INTERNATIONAL STANDARD BOOK NUMBER | |
| International Standard Book Number | 1515882764 (lib. bdg.) |
| 035 ## - SYSTEM CONTROL NUMBER | |
| System control number | (OCoLC)1191237705 |
| Canceled/invalid control number | (OCoLC)1191246803 |
| -- | (OCoLC)1243189188 |
| -- | (OCoLC)1243337385 |
| 040 ## - CATALOGING SOURCE | |
| Original cataloging agency | DLC |
| Language of cataloging | eng |
| Description conventions | rda |
| Transcribing agency | DLC |
| Modifying agency | OCLCO |
| -- | DLC |
| -- | BDX |
| -- | OCLCO |
| -- | YDX |
| -- | OCLCF |
| -- | VYG |
| -- | OCLCO |
| -- | TH8 |
| -- | IUK |
| 042 ## - AUTHENTICATION CODE | |
| Authentication code | pcc |
| -- | lcac |
| 092 ## - LOCALLY ASSIGNED DEWEY CALL NUMBER (OCLC) | |
| Classification number | graphic novel |
| 100 1# - MAIN ENTRY--PERSONAL NAME | |
| Personal name | Harbo, Christopher L., |
| Relator term | author. |
| 9 (RLIN) | 5697680 |
| 245 10 - TITLE STATEMENT | |
| Title | Ruff luck / |
| Statement of responsibility, etc | by Christopher Harbo ; illustrated by Scott Jeralds. |
| 264 #1 - Production, Publication, Distribution, Manufacture, and Copyright Notice. | |
| Place of production, publication, distribution, manufacture | North Mankato, Minnesota : |
| Name of producer, publisher, distributor, manufacturer | Picture Window Books, an imprint of Capstone, |
| Date of production, publication, distribution, manufacture, or copyr | [2021] |
| 264 #4 - Production, Publication, Distribution, Manufacture, and Copyright Notice. | |
| Date of production, publication, distribution, manufacture, or copyr | ©2021. |
| 300 ## - PHYSICAL DESCRIPTION | |
| Extent | 27 pages : |
| Other physical details | color illustrations ; |
| Dimensions | 24 cm. |
| 336 ## - Content Type | |
| Content type term | text |
| 336 ## - Content Type | |
| Content type term | still image |
| 337 ## - Media type | |
| Media type term | unmediated |
| 338 ## - Carrier type | |
| Carrier type term | volume |
| 490 1# - SERIES STATEMENT | |
| Series statement | Tom and Jerry wordless graphic novels. |
| 520 ## - SUMMARY, ETC. | |
| Summary, etc | Tom the cat tries to impress his girlfriend at the local carnival, but much to his vexation, Jerry the mouse keeps thwarting Tom's plans. |
| 521 ## - TARGET AUDIENCE NOTE | |
| Target audience note | Ages 5-7. |
| Source | Capstone Press. |
| 521 ## - TARGET AUDIENCE NOTE | |
| Target audience note | Grades K-1. |
| Source | Capstone Press. |
| 650 #0 - SUBJECT ADDED ENTRY--TOPICAL TERM | |
| Topical term or geographic name as entry element | Cats |
| Form subdivision | Juvenile fiction. |
| 9 (RLIN) | 5674206 |
| 650 #0 - SUBJECT ADDED ENTRY--TOPICAL TERM | |
| Topical term or geographic name as entry element | Mice |
| Form subdivision | Juvenile fiction. |
| 9 (RLIN) | 5676295 |
| 650 #0 - SUBJECT ADDED ENTRY--TOPICAL TERM | |
| Topical term or geographic name as entry element | Carnivals |
| Form subdivision | Juvenile fiction. |
| 9 (RLIN) | 5701601 |
| 655 #7 - INDEX TERM--GENRE/FORM | |
| Genre/form data or focus term | Graphic novels. |
| Source of term | lcgft. |
| 700 1# - ADDED ENTRY--PERSONAL NAME | |
| Personal name | Jeralds, Scott, |
| Relator term | illustrator. |
| 9 (RLIN) | 5901363 |
| 830 #0 - SERIES ADDED ENTRY--UNIFORM TITLE | |
| Uniform title | Tom and Jerry wordless graphic novels. |
| 9 (RLIN) | 6434760 |
| 907 ## - LOCAL DATA ELEMENT G, LDG (RLIN) | |
| a | .b452035946 |
| 942 ## - ADDED ENTRY ELEMENTS (KOHA) | |
| Source of classification or shelving scheme | Dewey Decimal Classification |
| Koha item type | BOOK |
| Withdrawn status | Lost status | Source of classification or shelving scheme | Damaged status | Not for loan | Collection code | Home library | Current library | Shelving location | Date acquired | Source of acquisition | Total Checkouts | Total Renewals | Full call number | Barcode | Date last seen | Date checked out | Cost, replacement price | Price effective from | Koha item type |
|---|---|---|---|---|---|---|---|---|---|---|---|---|---|---|---|---|---|---|---|
| Dewey Decimal Classification | Children Graphic Novels | Wasatch County Library | Wasatch County Library | Main Floor Childrens Area | 12/09/2021 | Rainbow Books | 22 | 16 | E GN Har | 34301001887316 | 02/10/2026 | 01/23/2026 | 16.99 | 12/09/2021 | BOOK |
